000 01065nam a2200265Ia 4500
003 OSt
005 20221005113454.0
006 a|||||r|||| 00| 0
007 ta
008 221004b |||||||| |||| 00| 0 pan d
020 _c100
024 _a116930
037 _b617, 23/02/2012, H.K. Prakashan
_cTextual
040 _aCRL
_cCRL
_bpan
041 _2pan
_apan
082 _aO157,1M61x, 153Q0.5
100 _aਟੈਗੋਰ, ਰਬਿੰਦਰ ਨਾਧl ਕਸੇਲ, ਕਿਰਪਾਲ ਸਿੰਘ, ਥਦ।
_9624522
245 0 _aਚੋਣਵੇ੍ਵ ਨਿਬੰਧ
260 _aਲੁਧਿਆਣਾ
_bਪੰਜਾਬੀ ਸਾਹਿਤ ਅਕਾਦਮੀ ਭਾਰਤ
_c2010
300 _a88ਪੰ
_ccm.
490 _aਟੈਗੋਰ ਰਚਨਾਵਲੀ
650 _aਬੰਗਾਲੀ ਸਾਹਿਤ
942 _hO157,1M61x, 153Q0.5
_cTEXL
_2cc
999 _c1028311
_d1028311